000 00329nam a2200133Ia 4500
008 231129s1990||||xx |||||||||||||| ||spa||
040 _bspa
082 _a370.19 / G245s
100 _aGarzon de Lopez Maria Mariela
245 0 _aSociologia educativa
260 _c1990
264 _aUniversidad del Quindio
942 _2ddc
_cBKS
999 _c24773
_d24773